00338nam a2200145Ia 4500008004100000020000500041082001600046100001800062245002200080260003400102300000700136650002000143650001000163700001900173140316s9999 xx 000 0 und d a a812bSAS/KU aSasidharan,N. aKuttikalude Veedu aThrissurbCurrent Booksc2001 a93 achildrens drama adrama aManoharan,M.K.